Methods of chemical analysis as applied to sewage and sewage effluents (Record no. 417227)

000 -LEADER
fixed length control field 00381cam a22001217a 4500
008 - FIXED-LENGTH DATA ELEMENTS--GENERAL INFORMATION
fixed length control field 180718b1956 xxu||||| |||| 00| 0 eng d
082 ## - DEWEY DECIMAL CLASSIFICATION NUMBER
Classification number X816 x42 Un3
100 ## - MAIN ENTRY--PERSONAL NAME
Personal name London. Her Majesty's stationery office
245 ## - TITLE STATEMENT
Title Methods of chemical analysis as applied to sewage and sewage effluents
Statement of responsibility, etc. By HMSO
260 ## - PUBLICATION, DISTRIBUTION, ETC.
Place of publication, distribution, etc. London
Name of publisher, distributor, etc. HMSO
Date of publication, distribution, etc. 1956
300 ## - PHYSICAL DESCRIPTION
Extent 95p.
650 ## - SUBJECT ADDED ENTRY--TOPICAL TERM
Topical term or geographic name entry element Sewage -- Analysis
Holdings
Withdrawn status Lost status Damaged status Not for loan Permanent Location Current Location Date acquired Full call number Barcode Date last seen Price effective from Koha item type
        Indian Institute of Public Administration Indian Institute of Public Administration 2009-03-23 X816 x42 Un3 D48 2018-07-21 2018-07-21 D

Powered by Koha